00562nam a2200181Ia 450000500170000000800410001702000150005808200130007310000170008624500510010326000600015430000180021465000200023265000120025294200060026495200950027099900150036520250106021813.0240331s9999 xx 000 0 und d a977424365x bTRIa962 aTrigger, B.G 0aEarly civilisation :bancient Egypt in context aNew yorkbThe American University inn Cairo Pressc1993 aviii, 158 p., aAncient Society aHistory cL 001040708LaWERCLbWERCLcSSCd2024-03-31l0o 962 TRIp4724r2024-03-31w2024-03-31yL c3485d3485